| 000 | 00412nam a2200169Ia 4500 | ||
|---|---|---|---|
| 008 | 230524s9999 xx 000 0 und d | ||
| 020 | _a978812032760 | ||
| 082 |
_a621.3812 _bOGA |
||
| 100 | _aKatsuhiko Ogata | ||
| 245 | 0 | _aDiscrete Time Control Systems | |
| 250 | _a2ND | ||
| 260 |
_aNEW DELHI _bPearson _c2009 |
||
| 300 | _aVIII;735 | ||
| 500 | _aQuantity Number: 31 | ||
| 650 | _aElectrical | ||
| 942 | _cBK | ||
| 999 |
_c8657 _d8657 |
||